01091nam a2200289 a 450000500170000000800410001702000180005804100080007610000200008424500600010425000110016426000350017530000110021050001270022165300400034865300270038865300460041565300270046165300440048865300260053265300410055865300530059965300480065265300560070070000240075670000210078020240423113732.0100708s2009||||ag a f |||| 001 0 spa d a9789872427580 aspa1 aKaplan, Roberto 4aLos grandes Síndromes Geriátricos /cRoberto Kaplan a1a ed. aBuenos Aires: bEDIMED;c2009. a185 p. aKaplan, R., Jauregui, J. R. y Rubin, R. K. (2009). Los grandes Síndromes Geriátricos. (1a ed.). Buenos Aires : EDIMED. aConcepto de síndrome geriátrico aConcepto de fragilidad aInestabilidad y alteración de la marcha aCaidas en los ancianos aSíndrome de inmovilidad en el anciano aUlceras por presión aIncontinencia urinaria en el anciano aDeterioro congnitivo 8incompetencia intelectual) aSíndrome confusional agudo en geriatría aUtilización adecuada de fármacos en geriatría1 aJauregui, José R.1 aRubin, Romina K.